| 000 | 00614nam a22002052 4500 | ||
|---|---|---|---|
| 001 | 0000001386 | ||
| 005 | 20151217151815.0 | ||
| 008 | 070307s xx 000 0 eng d | ||
| 020 |
_a0143036580 : _cKES 2,448 |
||
| 040 |
_aKABU _cKABU |
||
| 050 | 0 |
_aHC59.72 _b.P6S23 |
|
| 100 | 1 |
_aSachs, Jeffrey D. _@0000150079 |
|
| 245 | 1 | 4 |
_aThe End of poverty : _beconomic possibilities for our time. |
| 260 |
_aNew York : _bPenguin, _c2005. |
||
| 300 | _axviii, 397 p. | ||
| 650 | 0 |
_aPoverty _zDeveloping countries. _@0000150080 |
|
| 908 | _a070307 | ||
| 950 | _@1 | ||
| 999 |
_c5224 _d5224 |
||